| 000 | 00535nam a22001817a 4500 | ||
|---|---|---|---|
| 999 |
_c172346 _d172346 |
||
| 005 | 20201116142010.0 | ||
| 010 | _aENG-127620 | ||
| 020 |
_a9789388927567 _c150.00 |
||
| 035 | _aEN-111152 | ||
| 037 | _bDBAD/PUB | ||
| 082 | _a880 | ||
| 100 | _aVyas,Namrata | ||
| 245 |
_aEmancipation and changing Identity of Women in South Asian Novels/ _cNamrata Vyas |
||
| 260 |
_aAhmedabad _bVedant _c2019 |
||
| 270 |
_bAhmedabad _aRajkot, Ahmedabad Surat _e360003 |
||
| 300 |
_a151p. _b22cm(hb) |
||
| 942 |
_2ddc _cEN _h880 _mVYA |
||